Cântico da terra e dos homens (Registo nº 32147)

Detalhes MARC
000 -Etiqueta do registo
campo de controlo de comprimento fixo 006140000a22002050004500
001 - Identificador do registo
Campo de controlo 32147
010 ## - ISBN
Número (ISBN) 978-972-21-2132-3
100 ## - Dados Gerais de Proc.
Dados gerais de processamento 20110601d2010 m y0pory5003 ba
101 0# - Língua da publicação
Língua do texto, banda sonora, etc. Português
102 ## - País de Publicação
País de publicação Portugal
200 1# - Título
Título próprio Cântico da terra e dos homens
Primeira menção de responsabilidade João Melo
Outras menções de responsabilidade posf. de Inocêncio Mata
210 ## - Publicação, Distribuição
Lugar da edição, distribuição, etc. Alfragide
Nome do editor, distribuidor, etc. Caminho
Data da publicação, distribuição, etc. 2010
215 ## - Descrição física
Descrição física 74 p
225 2# - Colecção
Título próprio da colecção Outras margens
675 ## - CDU
Notação 821.134.3(673)-1
Edição BN
Língua da edição Português
700 #1 - Responsabilidade principal
Palavra de ordem Melo
Outra parte do nome João
Datas 1955-
702 #1 - Responsabilidade secundária
Koha Internal Code 30572
Código de função Posfaciador
Palavra de ordem Mata
Outra parte do nome Inocêncio
090 ## - Números de controlo do sistema (Koha)
Número biblioitem do Koha (gerado automaticamente) 32147
942 ## - Elementos de entrada adicionados (Koha)
Tipo de item no Koha Monografias
Suprimido Disponível no OPAC
999 ## - Campo local
Campo local 32147
Exemplares
Removido (estado) Perdido (estado) Data de aquisição Origem do registo (biblioteca) (codificado) Código da organização que empresta ou é detentora (biblioteca) Código de barras Local Número de inventário Cota Tipo de circulação (não pode ser emprestado) Tipo de item e material
Disponível Disponível 2011-06-01 Biblioteca Municipal Álvaro de Campos Biblioteca Municipal Álvaro de Campos BMTAV50732 Sala de Adultos 50732 R9 MEL Normal Monografias